[Event "Charity Cup Prelim"]
[Site "chess24.com INT"]
[Date "2022.03.19"]
[Round "3.3"]
[White "Navara, David"]
[Black "Harikrishna, Pentala"]
[Result "1/2-1/2"]
[WhiteTitle "GM"]
[BlackTitle "GM"]
[WhiteElo "2700"]
[BlackElo "2716"]
[WhiteFideId "309095"]
[BlackFideId "5007003"]
[EventDate "2022.03.19"]

1. e4 c5 2. Nf3 e6 3. b3 b6 4. Bb2 Bb7 5. Nc3 Nc6 6. d4 cxd4 7. Nxd4 Nf6 8. Nxc6
Bxc6 9. f3 b5 10. Qd3 Qa5 11. O-O-O a6 12. Kb1 Ba3 13. Bxa3 Qxa3 14. e5 Nd5 15.
Nxd5 Bxd5 16. Qe3 Rc8 17. Rd4 O-O 18. Bd3 Qe7 19. Be4 Bxe4 20. Qxe4 Rc7 21. Rhd1
Rfc8 22. R1d2 h6 23. Rd6 Ra7 24. f4 Rcc7 25. g3 Qe8 26. g4 Qe7 27. Rb6 Qc5 28.
Rb8+ Rc8 29. Qd4 Rc7 30. Qxc5 Rxc5 31. Rxc8+ Rxc8 32. Rxd7 g5 33. f5 exf5 34.
gxf5 Rc5 35. e6 fxe6 36. fxe6 Re5 37. e7 Kf7 38. Rd6 h5 39. Rxa6 Kxe7 40. Ra5 g4
41. a4 h4 42. axb5 g3 43. hxg3 hxg3 44. Kb2 Re1 45. Ra7+ Kf6 46. Ra6+ Kf7 47.
Ra7+ Kf6 48. Ra6+ Kf7 49. Ra7+ Kf6 1/2-1/2

[Event "Charity Cup Prelim"]
[Site "chess24.com INT"]
[Date "2022.03.20"]
[Round "5.6"]
[White "Van Foreest, Jorden"]
[Black "Vidit, Santosh Gujrathi"]
[Result "1/2-1/2"]
[WhiteTitle "GM"]
[BlackTitle "GM"]
[WhiteElo "2714"]
[BlackElo "2723"]
[WhiteFideId "1039784"]
[BlackFideId "5029465"]
[EventDate "2022.03.19"]

1. d4 Nf6 2. c4 e6 3. Nf3 d5 4. Nc3 c5 5. cxd5 cxd4 6. Qxd4 exd5 7. e4 dxe4 8.
Qxd8+ Kxd8 9. Ng5 Be6 10. Bf4 Bb4 11. O-O-O+ Ke7 12. a3 Bxc3 13. Bd6+ Ke8 14.
bxc3 h6 15. Bb5+ Bd7 16. Nxe4 Nxe4 17. Rhe1 f5 18. Bxd7+ Nxd7 19. f3 Nf6 20.
fxe4 fxe4 21. Be5 Rf8 22. Kc2 Rd8 23. Bxf6 Rxd1 24. Rxe4+ Kf7 25. Kxd1 Kxf6 26.
Ke2 Rd8 27. Ra4 a6 28. Rb4 b5 29. a4 Rd5 30. axb5 axb5 31. c4 bxc4 32. Rxc4 Kg6
33. Rc2 Kh7 34. Kf2 Rf5+ 35. Kg1 Re5 36. Kf2 Rf5+ 37. Kg1 Re5 38. Kf2 Rf5+ 1/2-1/2

[Event "Charity Cup Prelim"]
[Site "chess24.com INT"]
[Date "2022.03.20"]
[Round "8.5"]
[White "Hansen, Eric"]
[Black "Van Foreest, Jorden"]
[Result "1/2-1/2"]
[WhiteTitle "GM"]
[BlackTitle "GM"]
[WhiteElo "2606"]
[BlackElo "2714"]
[WhiteFideId "2606771"]
[BlackFideId "1039784"]
[EventDate "2022.03.19"]

1. e4 c5 2. Nf3 d6 3. Bb5+ Nd7 4. Ba4 Nf6 5. O-O e6 6. Re1 Be7 7. c4 O-O 8. Nc3
Ne5 9. Nxe5 dxe5 10. d3 Bd7 11. Be3 a6 12. a3 Rb8 13. Bxd7 Qxd7 14. Qe2 Rfd8 15.
Red1 b5 16. cxb5 axb5 17. a4 bxa4 18. Rxa4 Rb4 19. Ra2 h6 20. h3 Bf8 21. Qc2 Nh5
22. g3 f5 23. Kg2 f4 24. Bc1 Rd4 25. Qe2 Nf6 26. gxf4 exf4 27. Bxf4 c4 28. Be5
Rxd3 29. Raa1 Qe8 30. Rxd3 cxd3 31. Qf3 Qg6+ 32. Kf1 Qg5 33. Bxf6 gxf6 34. Rd1
d2 35. Qg4 Kf7 36. Ke2 Qa5 37. Rxd2 h5 38. Qf4 Qa6+ 39. Ke1 Qa1+ 40. Ke2 Qa6+
41. Ke1 Bd6 42. Qh6 Rg8 43. Qxh5+ Ke7 44. Kd1 Rg7 45. Qh8 Kf7 46. e5 fxe5 47.
Qh5+ Ke7 48. Kc2 Qc6 49. Qh4+ Kf7 50. Qh5+ Ke7 51. Qh6 Kf7 52. Qh4 Rg2 53. Re2
Qf3 54. Qh7+ Rg7 55. Qd3 Qxd3+ 56. Kxd3 Bc5 57. Ne4 Bd4 58. b4 Kg6 59. Re1 Kf5
60. h4 Rg4 61. h5 Rh4 62. Re2 Kf4 63. b5 Rxh5 64. Nd2 Rh3+ 65. f3 Rh1 66. Rg2
Re1 67. Rg4+ Kf5 68. Re4 Rc1 69. Rg4 Rc3+ 70. Ke2 Rc2 71. Kd1 Rb2 72. Ne4 Rb3
73. Nd6+ Kf6 74. Ne4+ Kf5 75. Nd6+ Kf6 76. Rg8 Ke7 77. Ne4 Rxf3 78. Rg7+ Kd8 79.
Ng5 Rf6 80. Ke2 e4 81. Rg8+ Kc7 82. Nxe4 Rf5 83. Kd3 Bb6 84. Rg7+ Kb8 85. Kc4
Rd5 86. Rg8+ Kb7 87. Rg7+ Kb8 88. Nf6 Rc5+ 89. Kb4 Rc7 90. Rg8+ Kb7 91. Re8 Bc5+
92. Kb3 Kb6 93. Rb8+ Ka7 94. Re8 Kb6 95. Rb8+ 1/2-1/2

[Event "Charity Cup Prelim"]
[Site "chess24.com INT"]
[Date "2022.03.22"]
[Round "13.7"]
[White "Vidit, Santosh Gujrathi"]
[Black "Hansen, Eric"]
[Result "0-1"]
[WhiteTitle "GM"]
[BlackTitle "GM"]
[WhiteElo "2723"]
[BlackElo "2606"]
[WhiteFideId "5029465"]
[BlackFideId "2606771"]
[EventDate "2022.03.19"]

1. d4 Nf6 2. c4 e6 3. Nc3 Bb4 4. f3 c5 5. d5 exd5 6. cxd5 d6 7. e4 O-O 8. Ne2
Re8 9. Ng3 Nbd7 10. Be2 Ne5 11. O-O a6 12. Be3 Ng6 13. a3 Ba5 14. Rb1 b5 15. b4
Bb6 16. Qd2 h5 17. Nh1 Bd7 18. Nf2 Rc8 19. Kh1 Qc7 20. Rbc1 Qa7 21. Nfd1 Rc7 22.
Bf2 h4 23. bxc5 Bxc5 24. Bxc5 Rxc5 25. Na2 Rec8 26. Ndc3 Qc7 27. Rc2 Qa5 28. Qc1
Nh5 29. Rd1 Ngf4 30. Bf1 Qd8 31. Nb4 Qf6 32. Nb1 Rxc2 33. Nxc2 Ng3+ 0-1